000 00539nam a2200181 i 4500
001 100956
003 ES-MaACL
005 20250828063248.0
007 t|
008 051010s1909 fr ||||1| fre d
100 1 _aMauclair, Camille,
_d1872-1945
_979178
245 1 0 _aEugenio Delacroix /
_cpar Camille Mauclair.
260 _aParis :
_bLibrairie Artistique et Littéraire,
_c1909.
300 _a59 p. ;
_c36 cm.
600 0 4 _aDelacroix, Eugène,
_d1798-1863
_943285
852 _aES-MaACL
_jB-5525
999 _c100956
_d100956